MEDITAZIONI SOPRA LA PASSIONE DI N. S. GESÙ CRISTO. (Record n. 265837)

Dettagli MARC
000 -LEADER
fixed length control field 01242nam a2200229Ia 4500
001 - CONTROL NUMBER
control field L232-6655
003 - CONTROL NUMBER IDENTIFIER
control field IT-CnALBA
008 - FIXED-LENGTH DATA ELEMENTS--GENERAL INFORMATION
fixed length control field 170116s9999||||xx |||||||||||||| ||und||
040 ## - CATALOGING SOURCE
Original cataloging agency IT-CnALBA
Transcribing agency IT-CnALBA
041 ## - LANGUAGE CODE
Language code of text/sound track or separate title ITALIANO
999 ## - SYSTEM CONTROL NUMBERS (KOHA)
Koha Dewey Subclass [OBSOLETE] SI
100 ## - MAIN ENTRY--PERSONAL NAME
Personal name NENO P. TOBIA, SJ.
245 #0 - TITLE STATEMENT
Title MEDITAZIONI SOPRA LA PASSIONE DI N. S. GESÙ CRISTO.
250 ## - EDITION STATEMENT
Edition statement 1a ed.
260 ## - PUBLICATION, DISTRIBUTION, ETC. (IMPRINT)
Place of publication, distribution, etc. MILANO BOLOGNA
Name of publisher, distributor, etc. ANCORA EDITRICE
Date of publication, distribution, etc. 1941 [1° Ed.:1941 - Ed.Ling.Originale: 1941]
300 ## - PHYSICAL DESCRIPTION
Extent 550 p. (prefazione: 56)
500 ## - GENERAL NOTE
General note DONO DI DON CHIAVARINO G. SSP. PASSIONE DI GESÙ. GERUSALEMME. CENA. ISTITUZIONE DELL'EUCARESTIA. LA VITE E I TRALCI. CARITÀ FRATERNA. PROMESSA DELLO SPIRITO SANTO. GETSEMANI. GIUDA IL TRADITORE. PROCESSO RELIGIOSO POLITICO E CONDANNA DI GESÙ. DA PILATO. G
501 ## - WITH NOTE
With note Società San Paolo EM - Piazza San Paolo, 14 - 12051 ALBA (CN) (non commercial uses only) ® Copyright 2017
520 ## - SUMMARY, ETC.
Summary, etc. DONO DI DON CHIAVARINO G. SSP. PASSIONE DI GESÙ. GERUSALEMME. CENA. ISTITUZIONE DELL'EUCARESTIA. LA VITE E I TRALCI. CARITÀ FRATERNA. PROMESSA DELLO SPIRITO SANTO. GETSEMANI. GIUDA IL TRADITORE. PROCESSO RELIGIOSO POLITICO E CONDANNA DI GESÙ. DA PILATO. G
650 ## - SUBJECT ADDED ENTRY--TOPICAL TERM
Topical term or geographic name as entry element VITA E MISTERO DI CRISTO
942 ## - ADDED ENTRY ELEMENTS (KOHA)
Koha item type LIBRO
957 ## -
-- 1
999 ## - SYSTEM CONTROL NUMBERS (KOHA)
-- Copie: 1
Dati di copia
Withdrawn status Lost status Damaged status Not for loan Home library Current library Date acquired Total Checkouts Full call number Date last seen Price effective from Koha item type Public note
    Buone Condizioni Not For Loan ALBA - Biblioteca ALBA - Biblioteca 16/01/2017   L232-6655 16/01/2017 16/01/2017 LIBRO (data import: 16 gennaio 2017) - By Epidotti, Vaglietti.
CREDITS: SOCIETA' SAN PAOLO Via A.Severo, 58 - ROMA (RM) & PERIODICI SAN PAOLO SRL Via Giotto, 36 MILANO & CISF Via Giotto, 36 MILANO & EDIZIONI SAN PAOLO SRL,  Piazza Soncino, 5 CINISELLO BALSAMO (MI) -- ITALY